Govt. of
Madhya Pradesh

Chronicles (Record no. 39502)

MARC details
000 -LEADER
fixed length control field 003130000a22001450004500
003 - CONTROL NUMBER IDENTIFIER
control field MACL
005 - DATE AND TIME OF LATEST TRANSACTION
control field 20151231134333.0
008 - FIXED-LENGTH DATA ELEMENTS--GENERAL INFORMATION
fixed length control field 151231b xxu||||| |||| 00| 0 eng d
040 ## - CATALOGING SOURCE
Original cataloging agency MACL
Transcribing agency MACL
041 ## - LANGUAGE CODE
Language code of text/sound track or separate title English
082 ## - DEWEY DECIMAL CLASSIFICATION NUMBER
Classification number 400
245 ## - TITLE STATEMENT
Title Chronicles
650 ## - SUBJECT ADDED ENTRY--TOPICAL TERM
Topical term or geographic name as entry element Language
9 (RLIN) 25696
942 ## - ADDED ENTRY ELEMENTS (KOHA)
Koha item type Books
Call number prefix 400
Source of classification or shelving scheme

No items available.